[Event "2015 Canadian Closed"]
[Site "Guelph, Ontario"]
[Date "2015.07.13"]
[Round "6.14"]
[White "Chen, Richard"]
[Black "Li, Yinshi"]
[Result "1-0"]
[WhiteElo "2297"]
[BlackElo "2211"]
[PlyCount "81"]
[EventDate "2015.??.??"]
[SourceDate "2015.07.10"]

1. e4 e6 2. Nf3 d5 3. Nc3 Nf6 4. e5 Nfd7 5. d4 c5 6. dxc5 Bxc5 7. Bd3 Nc6 8.
Bf4 f6 9. exf6 Qxf6 10. Bg3 O-O 11. Qe2 Nd4 12. Nxd4 Bxd4 13. O-O Nc5 14. Nb5
Nxd3 15. cxd3 Bd7 16. Nxd4 Qxd4 17. Be5 Qh4 18. f4 Rac8 19. Rf3 Qe7 20. Rg3 Rf7
21. Bd4 Ba4 22. b3 Be8 23. Re1 Rc6 24. f5 Rxf5 25. Rxg7+ Qxg7 26. Bxg7 Kxg7 27.
g4 Rf8 28. Qe5+ Kg8 29. Qg5+ Bg6 30. h4 Rf3 31. h5 Rc2 32. Qe5 Bf7 33. h6 Kf8
34. Qb8+ Ke7 35. Qxb7+ Kf6 36. Rf1 Rxf1+ 37. Kxf1 Rxa2 38. g5+ Kg6 39. Qe7 Kf5
40. Qxf7+ Kg4 41. g6 1-0

[Event "2015 Canadian Closed"]
[Site "Guelph, Ontario"]
[Date "2015.07.13"]
[Round "6.15"]
[White "Dougherty, Michael"]
[Black "Buscar, Michael"]
[Result "1-0"]
[WhiteElo "2285"]
[BlackElo "2245"]
[PlyCount "127"]
[EventDate "2015.??.??"]
[SourceDate "2015.07.10"]

1. e4 e5 2. Nf3 Nf6 3. Nc3 Nc6 4. Bc4 Bb4 5. O-O O-O 6. d3 Bxc3 7. bxc3 d6 8.
Bg5 Be6 9. Bb3 a5 10. Rb1 Bxb3 11. axb3 h6 12. Bh4 Qe7 13. Nd2 b5 14. b4 axb4
15. cxb4 Nd4 16. f3 Ra2 17. c3 Ne6 18. Rf2 Rfa8 19. Nf1 Nf4 20. Ne3 Qe6 21. d4
Rxf2 22. Bxf2 Qa2 23. Kf1 exd4 24. cxd4 Ra3 25. Qc2 Nd3 26. Qxa2 Rxa2 27. Be1
Nd7 28. Rb3 Nxe1 29. Kxe1 Nb6 30. Rc3 Ra7 31. d5 g6 32. Nc2 Nc4 33. Nd4 Ra1+
34. Kf2 Ra2+ 35. Kg3 Rb2 36. Nxb5 Rxb4 37. Nxc7 Kf8 38. Nb5 Rxb5 39. Rxc4 Rb7
40. h4 Ke7 41. Kf4 Kd7 42. Ra4 Ke7 43. Ra6 Rc7 44. g4 Rc3 45. Ra7+ Ke8 46. h5
g5+ 47. Kg3 Rc8 48. Kf2 Rb8 49. Rc7 Ra8 50. Rc6 Ke7 51. e5 dxe5 52. Rxh6 Ra5
53. d6+ Kd7 54. Rf6 e4 55. fxe4 Ra4 56. e5 Ke8 57. Kg3 Ra3+ 58. Rf3 Ra1 59. Rf5
Ra3+ 60. Kf2 Ra5 61. h6 Ra2+ 62. Kg3 Ra3+ 63. Rf3 Ra5 64. h7 1-0

[Event "2015 Canadian Closed"]
[Site "Guelph, Ontario"]
[Date "2015.07.13"]
[Round "6.16"]
[White "Haessel, Dale"]
[Black "Shi, Diwen"]
[Result "1/2-1/2"]
[WhiteElo "2274"]
[BlackElo "2214"]
[PlyCount "91"]
[EventDate "2015.??.??"]
[SourceDate "2015.07.10"]
[TimeControl "40/5400+30:1800+30"]

1. d4 Nf6 2. c4 e6 3. Nf3 d5 4. Nc3 Bb4 5. cxd5 exd5 6. Bf4 O-O 7. Rc1 c6 8. e3
Re8 9. Bd3 Nbd7 10. O-O Nf8 11. Qb3 Bd6 12. Bxd6 Qxd6 13. h3 Ng6 14. a4 a5 15.
Rc2 Nh5 16. Ne2 Qf6 17. Kh2 Qd6+ 18. Kg1 Qf6 19. Kh2 Qd6+ 20. g3 Qf6 21. Neg1
Qd6 22. Rc5 Nf6 23. Rfc1 Bd7 24. Qb6 Bc8 25. Qb3 Bd7 26. Ne2 Kf8 27. Qb6 Bc8
28. R5c2 Kg8 29. Qc5 Qd7 30. Neg1 Qc7 31. Kg2 Bd7 32. g4 Qb8 33. Ne2 b6 34. Qa3
Qc7 35. Bxg6 hxg6 36. Ne5 Rac8 37. Nf4 g5 38. Nfd3 Ne4 39. Qb3 Red8 40. Qxd5
Be6 41. Qxc6 Qb8 42. Qb5 Rxc2 43. Rxc2 Nd6 44. Qa6 Bc8 45. Rxc8 Rxc8 46. Nd7
1/2-1/2

[Event "2015 Canadian Closed"]
[Site "Guelph, Ontario"]
[Date "2015.07.13"]
[Round "6.17"]
[White "Kiviaho, Robert"]
[Black "Song, Guannan Terry"]
[Result "0-1"]
[WhiteElo "2161"]
[BlackElo "2202"]
[PlyCount "106"]
[EventDate "2015.??.??"]
[SourceDate "2015.07.10"]
[TimeControl "40/5400+30:1800+30"]

1. e4 c5 2. Nf3 d6 3. d4 cxd4 4. Nxd4 Nf6 5. Nc3 a6 6. Bg5 e6 7. f4 Be7 8. Qf3
h6 9. Bh4 Nbd7 10. O-O-O Qc7 11. Bd3 g5 12. fxg5 Ne5 13. Qf2 Nfg4 14. Qd2 Ng6
15. g3 Qc5 16. e5 N4xe5 17. Bxg6 Nxg6 18. Ne4 Qd5 19. Nf6+ Bxf6 20. gxf6 Bd7
21. Qe3 O-O-O 22. Nb3 Qc6 23. Qa7 Kc7 24. Rhe1 Ra8 25. Qf2 Rac8 26. g4 Nxh4 27.
Qxh4 Kb8 28. Rd2 e5 29. Qg3 h5 30. g5 Bf5 31. Qf2 Bg6 32. h4 Rhe8 33. Kb1 d5
34. Rc1 d4 35. Qg2 Qb5 36. Qh2 Ka8 37. Ka1 a5 38. Kb1 a4 39. Na1 d3 40. Qf2 a3
41. c4 axb2 42. Rc3 bxa1=Q+ 43. Kxa1 Rxc4 44. Rb2 Qa6 45. Rb6 Rxc3 46. Rxa6+
bxa6 47. Qe3 Rb8 48. Qf3+ Rb7 49. Qf1 Rc6 50. a4 d2 51. Ka2 Rd7 52. Qh1 Rdd6
53. Qd1 Bc2 0-1

[Event "2015 Canadian Closed"]
[Site "Guelph, Ontario"]
[Date "2015.07.13"]
[Round "6.18"]
[White "Drkulec, Vlad"]
[Black "Zhong, Joey"]
[Result "0-1"]
[WhiteElo "1950"]
[BlackElo "2114"]
[PlyCount "112"]
[EventDate "2015.??.??"]
[SourceDate "2015.07.10"]
[TimeControl "40/5400+30:1800+30"]

1. d4 Nf6 2. c4 c5 3. d5 e6 4. Nc3 exd5 5. cxd5 d6 6. e4 g6 7. f4 Bg7 8. Bb5+
Nfd7 9. a4 O-O 10. Nf3 Na6 11. O-O Nb4 12. a5 a6 13. Bc4 Re8 14. Re1 b5 15.
axb6 Nxb6 16. Bf1 Bg4 17. Be3 f5 18. e5 dxe5 19. Bxc5 Nd7 20. Bf2 Bxf3 21. gxf3
Rb8 22. d6 Kh8 23. fxe5 Nxe5 24. f4 Ng4 25. Rxe8+ Qxe8 26. Bd4 Nc6 27. Bxg7+
Kxg7 28. Qd2 Rb4 29. d7 Qd8 30. Ra4 Qb6+ 31. Kh1 Rxb2 32. Nd5 Rxd2 33. Nxb6
Rxh2+ 34. Kg1 Rd2 35. Bg2 Rd1+ 36. Bf1 Nb8 37. Ra3 Nxd7 38. Nxd7 Rxd7 39. Bxa6
Rd4 40. Rf3 Kf6 41. Kg2 Re4 42. Kg3 Re3 43. Bc4 Rxf3+ 44. Kxf3 h6 45. Bb3 Ke7
46. Ba2 Nf6 47. Ke3 Ne4 48. Bb1 Nd6 49. Ba2 Kf6 50. Bd5 Nc8 51. Bc6 g5 52.
fxg5+ hxg5 53. Bf3 Nb6 54. Bd1 Ke5 55. Kf3 Nc8 56. Kg3 Ne7 0-1

[Event "2015 Canadian Closed"]
[Site "Guelph, Ontario"]
[Date "2015.07.13"]
[Round "6.19"]
[White "Piccinin, Mario"]
[Black "Doknjas, Joshua"]
[Result "0-1"]
[WhiteElo "2068"]
[BlackElo "2083"]
[PlyCount "58"]
[EventDate "2015.??.??"]
[SourceDate "2015.07.10"]

1. f4 d5 2. Nf3 Bg4 3. Ne5 Bf5 4. d3 Nd7 5. Nf3 e6 6. e3 h6 7. Be2 Ngf6 8. O-O
Bh7 9. c3 c5 10. a4 Bd6 11. a5 a6 12. Qe1 Qc7 13. Qg3 O-O 14. Nbd2 Rfe8 15. d4
cxd4 16. cxd4 Bb4 17. Ne5 Bxa5 18. Nxd7 Nxd7 19. Nf3 Bb4 20. Ne5 Nf6 21. Bd3
Bxd3 22. Nxd3 Bf8 23. Ne5 Qc2 24. f5 exf5 25. e4 Qxe4 26. Kh1 Qxd4 27. Bf4 Nh5
28. Qc3 Qxc3 29. bxc3 Nxf4 0-1

[Event "2015 Canadian Closed"]
[Site "Guelph, Ontario"]
[Date "2015.07.13"]
[Round "6.20"]
[White "Manley, Jason"]
[Black "Jung, Hans"]
[Result "1-0"]
[WhiteElo "2164"]
[BlackElo "2294"]
[PlyCount "103"]
[EventDate "2015.??.??"]
[SourceDate "2015.07.10"]

1. e4 d5 2. exd5 Qxd5 3. Nc3 Qa5 4. d4 Nf6 5. Bd2 c6 6. Bc4 Qb6 7. Bc1 g6 8.
Nge2 Bg7 9. O-O O-O 10. a3 a5 11. Bf4 Rd8 12. Na4 Qa7 13. Bc7 b5 14. Bxd8 bxa4
15. Nc3 Bg4 16. f3 Be6 17. Bxe6 fxe6 18. Kh1 Kf7 19. Re1 Nbd7 20. Qe2 Nf8 21.
Bxe7 Qxe7 22. Nxa4 Nh5 23. Qf2 Rd8 24. c3 Qd6 25. Nc5 Re8 26. g3 Nf6 27. Re2 h5
28. Nd3 Qd5 29. Ne5+ Kg8 30. c4 Qd6 31. Rd2 c5 32. Qe3 cxd4 33. Rxd4 Qb6 34.
Qd2 Ng4 35. fxg4 Bxe5 36. Rd3 hxg4 37. Re1 Bxb2 38. Qf4 Qc6+ 39. Qe4 Qc5 40.
Qxg4 Bxa3 41. h4 Bb4 42. Rf1 Qh5 43. Qe4 Be7 44. Rdf3 Rd8 45. Qb7 Qc5 46. Rf7
Re8 47. R1f4 a4 48. Qe4 Qa5 49. Qb7 Bd6 50. Rg7+ Kh8 51. Qf7 Qe1+ 52. Kh2 1-0

[Event "2015 Canadian Closed"]
[Site "Guelph, Ontario"]
[Date "2015.07.13"]
[Round "6.21"]
[White "Doknjas, Neil"]
[Black "Surya, Benito"]
[Result "0-1"]
[WhiteElo "1789"]
[BlackElo "1938"]
[PlyCount "58"]
[EventDate "2015.??.??"]
[SourceDate "2015.07.10"]
[TimeControl "40/5400+30:1800+30"]

1. e4 Nf6 2. e5 Nd5 3. d4 d6 4. c4 Nb6 5. exd6 exd6 6. Nc3 Be7 7. Bd3 Bf6 8.
Nge2 Nc6 9. Be3 Bg4 10. f3 Bh5 11. Ne4 Bh4+ 12. N2g3 Bg6 13. Bf2 d5 14. cxd5
Nxd5 15. O-O O-O 16. a3 Re8 17. Qd2 f5 18. Nc3 Bg5 19. Qc2 Ne3 20. Bxe3 Bxe3+
21. Kh1 Nxd4 22. Qa4 c6 23. Rae1 b5 24. Qb4 a5 25. Qc5 Qh4 26. Nd1 Nxf3 27.
Rxf3 Bxc5 28. Rxe8+ Rxe8 29. Rf1 Bd6 0-1

[Event "2015 Canadian Closed"]
[Site "Guelph, Ontario"]
[Date "2015.07.14"]
[Round "7.8"]
[White "Wan, Kevin"]
[Black "Oussedik, Elias"]
[Result "0-1"]
[WhiteElo "2302"]
[BlackElo "2328"]
[PlyCount "84"]
[EventDate "2015.??.??"]
[SourceDate "2015.07.10"]

1. e4 e6 2. d4 d5 3. Nd2 Nf6 4. e5 Nfd7 5. Bd3 c5 6. c3 Nc6 7. Ne2 cxd4 8. cxd4
f6 9. Nf4 Nxd4 10. Qh5+ Ke7 11. exf6+ Nxf6 12. Ng6+ hxg6 13. Qxh8 Kf7 14. O-O
e5 15. Nb3 Nxb3 16. axb3 Bf5 17. Bxf5 gxf5 18. Bg5 Bc5 19. Qh3 Qd7 20. Bxf6
Kxf6 21. Rac1 Bb6 22. Qh4+ Kf7 23. Qh5+ Kf6 24. Rfe1 Re8 25. Qh4+ Kf7 26. Qh5+
Kf6 27. Rcd1 d4 28. g4 fxg4 29. Qh4+ Kf7 30. Re4 Qf5 31. Rxg4 Kg8 32. Qh3 Re7
33. f3 Qc2 34. Qf1 Qxb3 35. Rd2 Qe3+ 36. Rf2 d3 37. Rgg2 Qe2 38. Qc1 Rc7 39.
Qb1 Bxf2+ 40. Rxf2 Qe3 41. Qa2+ Kh7 42. f4 Rc2 0-1

[Event "2015 Canadian Closed"]
[Site "Guelph, Ontario"]
[Date "2015.07.14"]
[Round "7.9"]
[White "Barron, Michael"]
[Black "Gentes, Kevin"]
[Result "1-0"]
[WhiteElo "2306"]
[BlackElo "2353"]
[PlyCount "87"]
[EventDate "2015.??.??"]
[SourceDate "2015.07.10"]
[TimeControl "40/5400+30:1800+30"]

1. e4 e5 2. Nf3 Nc6 3. Bb5 a6 4. Ba4 Nf6 5. O-O Be7 6. Re1 b5 7. Bb3 d6 8. c3
O-O 9. d4 Bg4 10. d5 Na5 11. Bc2 c6 12. h3 Bc8 13. dxc6 Qc7 14. Nbd2 Qxc6 15.
Nf1 Nc4 16. a4 Be6 17. Qe2 Rfe8 18. Bd3 Nd7 19. b3 Ncb6 20. axb5 axb5 21. Bb2
Bxb3 22. Bxb5 Qc7 23. Ne3 Be6 24. c4 Reb8 25. Nd5 Bxd5 26. cxd5 Nc5 27. Bc6
Rxa1 28. Rxa1 Nbd7 29. Bc3 Nf6 30. Nd2 g6 31. g3 Kg7 32. Kg2 Nb3 33. Ra4 Nd7
34. Nxb3 Rxb3 35. Qc4 Nc5 36. Ra8 Rxc3 37. Qxc3 Nxe4 38. Qe3 Nc5 39. Qa3 Qb6
40. Qa7 Qb2 41. Qxe7 Ne4 42. Qa7 Qe2 43. Qe3 Qc4 44. Ra4 1-0

[Event "2015 Canadian Closed"]
[Site "Guelph, Ontario"]
[Date "2015.07.14"]
[Round "7.10"]
[White "Humphreys, Michael"]
[Black "Chen, Richard"]
[Result "1/2-1/2"]
[WhiteElo "2348"]
[BlackElo "2297"]
[PlyCount "123"]
[EventDate "2015.??.??"]
[SourceDate "2015.07.10"]

1. d4 Nf6 2. c4 c5 3. d5 b5 4. cxb5 a6 5. b6 d6 6. Nc3 Nbd7 7. Nf3 g6 8. a4
Qxb6 9. a5 Qa7 10. e4 Bg7 11. Be2 O-O 12. O-O Rb8 13. Nd2 Ne8 14. Nc4 Nc7 15.
Bg5 Re8 16. Na4 Nb5 17. Rb1 Nd4 18. Nab6 Nxb6 19. Nxb6 Bd7 20. Re1 Bb5 21. Bd3
Rb7 22. b4 Rxb6 23. axb6 Qxb6 24. bxc5 Qxc5 25. Qd2 Qa3 26. Bxb5 Nxb5 27. Qc2
h6 28. Be3 Qa5 29. Bd2 Qb6 30. Qc6 Qxc6 31. dxc6 Rc8 32. Rec1 h5 33. Rb4 Bd4
34. Ra4 Bc5 35. Be3 Rxc6 36. Bxc5 dxc5 37. Rac4 Re6 38. f3 Nd4 39. Kf2 Kg7 40.
R1c3 Nb5 41. Rd3 Nd6 42. Rc2 c4 43. Rd5 c3 44. Rxc3 Nb5 45. Rc8 Rb6 46. Rdd8 e5
47. Rb8 Rc6 48. Rd2 Nd4 49. Ra8 a5 50. Ra2 Nb3 51. Rb8 Rc3 52. h4 Kf6 53. Kg3
Nc5 54. Rb7 Kg7 55. Rxa5 Nxe4+ 56. Kh2 Nd2 57. Rxe5 Rxf3 58. Rd5 Rf2 59. Rb4
Re2 60. Kg3 Nf1+ 61. Kf3 Re7 62. Rc4 1/2-1/2

[Event "2015 Canadian Closed"]
[Site "Guelph, Ontario"]
[Date "2015.07.14"]
[Round "7.11"]
[White "Dougherty, Michael"]
[Black "Vettese, Nicholas"]
[Result "0-1"]
[WhiteElo "2285"]
[BlackElo "2316"]
[PlyCount "76"]
[EventDate "2015.??.??"]
[SourceDate "2015.07.10"]
[TimeControl "40/5400+30:1800+30"]

1. d4 Nf6 2. c4 e6 3. Nc3 Bb4 4. Nf3 Ne4 5. Qc2 f5 6. g3 O-O 7. Bg2 d6 8. O-O
Bxc3 9. bxc3 Nd7 10. Ne1 Nef6 11. Rb1 Rb8 12. Ba3 Kh8 13. f4 Re8 14. Nf3 c5 15.
Ng5 Qc7 16. e4 h6 17. exf5 exf5 18. Nf3 Ne4 19. dxc5 dxc5 20. Rbe1 Ndf6 21. Ne5
b6 22. Bc1 Bb7 23. Bh3 Qc8 24. Re3 Kh7 25. Bd2 g6 26. Be1 h5 27. Bg2 Ng4 28.
Rxe4 Bxe4 29. Bxe4 fxe4 30. Qxe4 Nxe5 31. fxe5 Rf8 32. Rxf8 Qxf8 33. Bd2 Qf5
34. Qxf5 gxf5 35. Kf2 Rd8 36. Ke2 Kg6 37. h4 Kf7 38. Bg5 Rd7 0-1

[Event "2015 Canadian Closed"]
[Site "Guelph, Ontario"]
[Date "2015.07.14"]
[Round "7.12"]
[White "Hamilton, Robert"]
[Black "Doknjas, John"]
[Result "1/2-1/2"]
[WhiteElo "2279"]
[BlackElo "2316"]
[PlyCount "83"]
[EventDate "2015.??.??"]
[SourceDate "2015.07.10"]
[TimeControl "40/5400+30:1800+30"]

1. d4 Nf6 2. c4 c5 3. Nf3 cxd4 4. Nxd4 e5 5. Nb5 d5 6. cxd5 Qa5+ 7. N5c3 b5 8.
Nd2 b4 9. Nce4 Nxe4 10. Nxe4 Bb7 11. Ng3 Bxd5 12. e4 Be6 13. Bd2 Bc5 14. Rc1
O-O 15. Bc4 Bxc4 16. Rxc4 Nd7 17. a3 Qb5 18. Qb3 Nb6 19. Rc1 a5 20. Qf3 bxa3
21. bxa3 Rad8 22. Qe2 Qxe2+ 23. Kxe2 Bxa3 24. Rc6 Nd7 25. Bxa5 Rc8 26. Rxc8
Rxc8 27. Rd1 Nf6 28. Rd3 Bf8 29. Bd8 Rc6 30. Bxf6 Rxf6 31. Rd8 g6 32. Rd5 Re6
33. Nf1 Bh6 34. h4 Re7 35. Nh2 f6 36. Rd6 Kf7 37. Ng4 Bg7 38. Ne3 Re6 39. Rd7+
Re7 40. Rd3 Ra7 41. Rb3 Bf8 42. Rc3 1/2-1/2

[Event "2015 Canadian Closed"]
[Site "Guelph, Ontario"]
[Date "2015.07.14"]
[Round "7.13"]
[White "Song, Guannan Terry"]
[Black "Haessel, Dale"]
[Result "1/2-1/2"]
[WhiteElo "2202"]
[BlackElo "2274"]
[PlyCount "70"]
[EventDate "2015.??.??"]
[SourceDate "2015.07.10"]

1. e4 e5 2. Nf3 Nc6 3. Bc4 Bc5 4. c3 Nf6 5. d3 a6 6. Bb3 d6 7. h3 Ba7 8. Nbd2
Ne7 9. Nf1 Ng6 10. Ng3 O-O 11. Be3 d5 12. Bg5 c6 13. Nh5 dxe4 14. Bxf6 gxf6 15.
dxe4 f5 16. Qxd8 Rxd8 17. Ng5 Nh8 18. O-O h6 19. Nf3 fxe4 20. Nxe5 Bf5 21. Rad1
Kf8 22. Rfe1 Rxd1 23. Rxd1 e3 24. fxe3 Bxe3+ 25. Kh1 Re8 26. Nc4 Bc5 27. Nd6
Bxd6 28. Rxd6 Be6 29. Nf6 Re7 30. Rd8+ Kg7 31. Nh5+ Kh7 32. Bc2+ Ng6 33. Nf4
Bxa2 34. h4 Bb1 35. Nh5 Bxc2 1/2-1/2

[Event "2015 Canadian Closed"]
[Site "Guelph, Ontario"]
[Date "2015.07.14"]
[Round "7.14"]
[White "Cai, Jason"]
[Black "Filipovich, David"]
[Result "1-0"]
[WhiteElo "2254"]
[BlackElo "2198"]
[PlyCount "157"]
[EventDate "2015.??.??"]
[SourceDate "2015.07.10"]

1. e4 c6 2. d4 d5 3. exd5 cxd5 4. Bd3 Nc6 5. c3 g6 6. Nf3 Bg7 7. Bf4 Nh6 8. O-O
O-O 9. Nbd2 f6 10. c4 dxc4 11. Bxc4+ Kh8 12. Nb3 g5 13. Be3 Nf5 14. Qd2 Nxe3
15. fxe3 Qd6 16. Nc5 b6 17. Ne4 Qb4 18. Qe2 Bg4 19. a3 Qa5 20. b4 Qf5 21. Ng3
Qd7 22. Bb5 Qd5 23. h3 Bxf3 24. gxf3 f5 25. Rac1 Rac8 26. Nh5 f4 27. Nxg7 Kxg7
28. Bxc6 Rxc6 29. Rxc6 Qxc6 30. exf4 Qf6 31. fxg5 Qxg5+ 32. Qg2 Qxg2+ 33. Kxg2
Rd8 34. Re1 Kf6 35. Re4 Rd5 36. a4 a5 37. b5 h5 38. Kf2 e6 39. Ke3 Rg5 40. Kf2
Rg7 41. Re5 Rc7 42. Rxh5 Rc4 43. d5 exd5 44. Rxd5 Rxa4 45. Rd6+ Kg5 46. Rxb6
Rb4 47. Kg3 a4 48. Ra6 a3 49. Rxa3 Rxb5 50. Ra8 Kg6 51. h4 Kg7 52. Kg4 Rb4+ 53.
f4 Rb1 54. Ra7+ Kg8 55. h5 Rg1+ 56. Kf5 Rh1 57. Kg6 Rg1+ 58. Kf6 Rh1 59. f5 Rh2
60. Rg7+ Kh8 61. Rg5 Ra2 62. Kg6 Rh2 63. f6 Rf2 64. f7 Rf1 65. Ra5 Rg1+ 66. Kf6
Rf1+ 67. Ke7 Re1+ 68. Kf8 Re2 69. Ra7 Re1 70. Re7 Ra1 71. Re6 Kh7 72. Ke7 Ra7+
73. Kf6 Ra8 74. Rd6 Kh8 75. Ke7 Kg7 76. h6+ Kh7 77. f8=Q Re8+ 78. Kf7 Re7+ 79.
Qxe7 1-0

[Event "2015 Canadian Closed"]
[Site "Guelph, Ontario"]
[Date "2015.07.14"]
[Round "7.15"]
[White "Doknjas, Joshua"]
[Black "Zhou, Qiyu"]
[Result "1-0"]
[WhiteElo "2083"]
[BlackElo "2221"]
[PlyCount "77"]
[EventDate "2015.??.??"]
[SourceDate "2015.07.10"]

1. e4 e5 2. Nf3 Nc6 3. Bc4 Bc5 4. c3 Nf6 5. d3 a6 6. Bb3 O-O 7. O-O Ba7 8. Re1
d6 9. h3 Ne7 10. Nbd2 Ng6 11. Nf1 h6 12. Ng3 b5 13. d4 Bb7 14. Bc2 Re8 15. a4
c6 16. Be3 Qc7 17. Qd2 Kh7 18. Nf5 Ng8 19. N3h4 Nxh4 20. Nxh4 Kh8 21. f4 c5 22.
fxe5 cxd4 23. cxd4 dxe5 24. d5 Bxe3+ 25. Rxe3 Rec8 26. Bd3 Qc5 27. Kh2 Nf6 28.
Rf1 bxa4 29. Rxf6 gxf6 30. Rg3 Qc1 31. Qb4 Qf4 32. Nf5 Rg8 33. Qxb7 Rxg3 34.
Nxg3 Rg8 35. Kh1 Qxg3 36. Bf1 Qf2 37. Qxa6 Kg7 38. Qc4 Qxb2 39. Qxa4 1-0

[Event "2015 Canadian Closed"]
[Site "Guelph, Ontario"]
[Date "2015.07.14"]
[Round "7.16"]
[White "Zhong, Joey"]
[Black "Shi, Diwen"]
[Result "0-1"]
[WhiteElo "2114"]
[BlackElo "2214"]
[PlyCount "110"]
[EventDate "2015.??.??"]
[SourceDate "2015.07.10"]

1. e4 c5 2. Nf3 d6 3. Bb5+ Bd7 4. Bxd7+ Qxd7 5. O-O Nf6 6. e5 dxe5 7. Nxe5 Qc7
8. d4 e6 9. Bf4 Bd6 10. Na3 Bxe5 11. Bxe5 Qc6 12. Bxf6 gxf6 13. Re1 cxd4 14.
Qxd4 Rg8 15. g3 Nd7 16. Nc4 Ke7 17. Rad1 Rgd8 18. Nd6 Ne5 19. Rxe5 Rxd6 20.
Qxd6+ Qxd6 21. Rxd6 fxe5 22. Rd3 Rc8 23. c3 f5 24. Kf1 b5 25. Ke2 h5 26. h3 Rg8
27. c4 bxc4 28. Ra3 Rb8 29. Rxa7+ Kf6 30. b3 cxb3 31. axb3 Rxb3 32. Rh7 Rb2+
33. Kf3 Kg6 34. Rh8 Rb3+ 35. Ke2 Rb2+ 36. Kf3 e4+ 37. Ke3 Rb3+ 38. Ke2 Rb2+ 39.
Ke3 Rb3+ 40. Ke2 f4 41. Rf8 Rb2+ 42. Ke1 f3 43. Rf4 Re2+ 44. Kf1 e5 45. Rf8 Ra2
46. Ke1 Ra1+ 47. Kd2 Rf1 48. Rg8+ Kf7 49. Rg5 Rxf2+ 50. Ke1 Re2+ 51. Kf1 Kf6
52. Rxh5 Rh2 53. g4 Ke6 54. Rf5 Rxh3 55. Rf8 e3 0-1

[Event "2015 Canadian Closed"]
[Site "Guelph, Ontario"]
[Date "2015.07.14"]
[Round "7.17"]
[White "Buscar, Michael"]
[Black "Noritsyn, Sergey"]
[Result "1/2-1/2"]
[WhiteElo "2245"]
[BlackElo "2090"]
[PlyCount "146"]
[EventDate "2015.??.??"]
[SourceDate "2015.07.10"]

1. d4 d5 2. Nf3 Nf6 3. c4 dxc4 4. e3 e6 5. Bxc4 c5 6. Nc3 a6 7. a3 cxd4 8. exd4
b5 9. Bd3 Bb7 10. O-O Be7 11. Re1 O-O 12. Ne5 Nbd7 13. Be3 Nb6 14. Qe2 Nbd5 15.
Bd2 Rc8 16. Ne4 Qb6 17. Nxf6+ Nxf6 18. Rad1 Qd6 19. Bg5 Qd5 20. Nf3 h6 21. Bc1
Bd6 22. Qf1 Kh8 23. Ne5 Rc7 24. Be2 Bxe5 25. dxe5 Qxe5 26. Bf3 Qf5 27. Bxb7
Rxb7 28. Rd6 a5 29. Rd3 Nd5 30. Rf3 Qc2 31. Rxe6 Rc8 32. Re1 Rbc7 33. Rd3 Nb6
34. Rd2 Qc4 35. Rde2 Nd5 36. Bd2 a4 37. Ba5 Rc6 38. g3 Qb3 39. Qh3 Nf4 40. Re8+
Rxe8 41. Rxe8+ Kh7 42. Qf5+ Ng6 43. Bc3 b4 44. Bxb4 Rf6 45. Qb1 Qf3 46. Qc2 Rc6
47. Bc3 f5 48. Qe2 Qd5 49. Qd2 Qf7 50. Rd8 Re6 51. Qd7 Re7 52. Qd5 Re6 53. Rd6
Nf4 54. Qc6 Rxd6 55. Qxd6 Ne2+ 56. Kg2 Qb7+ 57. Kf1 Qb5 58. Ke1 Nxc3 59. bxc3
Qb1+ 60. Kd2 Qb2+ 61. Kd3 Qxf2 62. h4 Qg1 63. Kc4 Qb1 64. Qb4 Qf1+ 65. Kd5 Qf3+
66. Ke5 Qxg3+ 67. Kxf5 Qf3+ 68. Ke5 Qf6+ 69. Kd5 Qd8+ 70. Kc6 Qe8+ 71. Kb7 Qd7+
72. Kb6 Qd8+ 73. Ka6 Qc8+ 1/2-1/2

[Event "2015 Canadian Closed"]
[Site "Guelph, Ontario"]
[Date "2015.07.14"]
[Round "7.18"]
[White "Li, Yinshi"]
[Black "Surya, Benito"]
[Result "1-0"]
[WhiteElo "2211"]
[BlackElo "1938"]
[PlyCount "91"]
[EventDate "2015.??.??"]
[SourceDate "2015.07.10"]
[TimeControl "40/5400+30:1800+30"]

1. d4 Nf6 2. c4 e6 3. Nf3 c5 4. Nc3 d5 5. cxd5 exd5 6. Bg5 Be6 7. e3 Nc6 8. Be2
c4 9. O-O Be7 10. b3 cxb3 11. Qxb3 Rb8 12. Ne1 O-O 13. Nd3 Na5 14. Qa4 b5 15.
Qd1 Nc4 16. Bf3 Qd7 17. Nf4 b4 18. Bxf6 bxc3 19. Bxe7 Qxe7 20. Qd3 Rfc8 21.
Qxc3 Ne5 22. Qd2 Nxf3+ 23. gxf3 g5 24. Nxe6 fxe6 25. Kh1 Rf8 26. Qe2 Qf6 27.
Rg1 Kh8 28. Rg3 h5 29. f4 g4 30. f3 Qf5 31. fxg4 Qe4+ 32. Qf3 Rb1+ 33. Rxb1
Qxb1+ 34. Rg1 Qxa2 35. gxh5 Qc2 36. Qg2 Qxg2+ 37. Rxg2 Rf5 38. Rg6 Rxh5 39.
Rxe6 Kg7 40. Re7+ Kf6 41. Rxa7 Rh3 42. Ra3 Rh5 43. Kg2 Kf5 44. Ra8 Ke4 45. Re8+
Kd3 46. Kg3 1-0

[Event "2015 Canadian Closed"]
[Site "Guelph, Ontario"]
[Date "2015.07.14"]
[Round "7.19"]
[White "Kiviaho, Robert"]
[Black "Drkulec, Vlad"]
[Result "1-0"]
[WhiteElo "2161"]
[BlackElo "1950"]
[PlyCount "105"]
[EventDate "2015.??.??"]
[SourceDate "2015.07.10"]

1. e4 c5 2. Nf3 d6 3. d4 cxd4 4. Nxd4 a6 5. c4 Nf6 6. Nc3 e6 7. Be2 Be7 8. O-O
b6 9. f4 Bb7 10. Bf3 Qc7 11. Be3 Nbd7 12. Rc1 Rc8 13. b3 O-O 14. f5 e5 15. Nde2
Nc5 16. Ng3 Qb8 17. Qe2 Qa8 18. Bf2 Bc6 19. b4 Ncd7 20. Nd5 Bxd5 21. exd5 Qb7
22. c5 bxc5 23. bxc5 Nxc5 24. Rxc5 dxc5 25. d6 Qb5 26. dxe7 Rfe8 27. Qxe5 c4
28. Qc3 Rxe7 29. Bd4 Ne8 30. Be4 f6 31. Rb1 Qa4 32. Bd5+ Kf8 33. Be6 Rc6 34. a3
Nd6 35. Bxf6 Rb7 36. Rxb7 Nxb7 37. Bxg7+ Ke8 38. Nf1 Qa5 39. Qe3 Qc5 40. Bd4
Qe7 41. Kh1 Nd8 42. Bd5 Rc7 43. Qf3 Qe1 44. Bc3 Qc1 45. f6 Qxa3 46. Qe3+ Kd7
47. f7 Qf8 48. Bg7 Qxg7 49. Qe8+ Kc8 50. f8=Q Qxf8 51. Qxf8 c3 52. Ne3 c2 53.
Nxc2 1-0

[Event "2015 Canadian Closed"]
[Site "Guelph, Ontario"]
[Date "2015.07.14"]
[Round "7.20"]
[White "Piccinin, Mario"]
[Black "Manley, Jason"]
[Result "0-1"]
[WhiteElo "2068"]
[BlackElo "2164"]
[PlyCount "42"]
[EventDate "2015.??.??"]
[SourceDate "2015.07.10"]
[TimeControl "40/5400+30:1800+30"]

1. f4 d5 2. Nf3 Bg4 3. e3 Nd7 4. Be2 e6 5. d3 Ngf6 6. Nbd2 Bd6 7. O-O c6 8. Kh1
Qb6 9. Ng1 h5 10. e4 e5 11. exd5 cxd5 12. fxe5 Nxe5 13. Ngf3 O-O-O 14. Nxe5
Bxe5 15. Nf3 Bc7 16. g3 Bh3 17. Re1 Ng4 18. Qd2 Nf2+ 19. Kg1 Nxd3+ 20. Qe3 Nxe1
21. Nxe1 Rhe8 0-1

[Event "2015 Canadian Closed"]
[Site "Guelph, Ontario"]
[Date "2015.07.14"]
[Round "7.21"]
[White "Jung, Hans"]
[Black "Doknjas, Neil"]
[Result "1-0"]
[WhiteElo "2294"]
[BlackElo "1789"]
[PlyCount "85"]
[EventDate "2015.??.??"]
[SourceDate "2015.07.10"]
[TimeControl "40/5400+30:1800+30"]

1. Nc3 d5 2. e4 d4 3. Nce2 e5 4. Ng3 Bd6 5. Bc4 Nf6 6. d3 O-O 7. h3 c5 8. Nf3
Nc6 9. a3 a6 10. O-O b5 11. Ba2 a5 12. a4 Ba6 13. axb5 Bxb5 14. Nf5 a4 15. Bg5
Na5 16. Nxe5 Bxe5 17. f4 Qe8 18. Nxg7 Kxg7 19. fxe5 Qxe5 20. Bxf6+ Qxf6 21.
Rxf6 Kxf6 22. Qg4 Ke7 23. Qg5+ Ke8 24. Qxc5 Bd7 25. Rf1 Nc6 26. e5 Ne7 27. Qxd4
Rc8 28. e6 Bxe6 29. Bxe6 fxe6 30. Qxa4+ Nc6 31. Rxf8+ Kxf8 32. b4 Ne7 33. c4
Rd8 34. Qa1 Ng6 35. Qf6+ Ke8 36. Qxe6+ Ne7 37. Qe4 Rb8 38. b5 Kd8 39. Qxh7 Kd7
40. d4 Rc8 41. c5 Rc7 42. b6 Rb7 43. d5 1-0

[Event "2015 Canadian Closed"]
[Site "Guelph, Ontario"]
[Date "2015.07.15"]
[Round "8.5"]
[White "Oussedik, Elias"]
[Black "Zhu, Hong Rui"]
[Result "1/2-1/2"]
[WhiteElo "2328"]
[BlackElo "2304"]
[PlyCount "33"]
[EventDate "2015.??.??"]
[SourceDate "2015.07.10"]
[TimeControl "40/5400+30:1800+30"]

1. d4 d5 2. c4 e6 3. e3 c6 4. Nc3 f5 5. Qc2 Bd6 6. Bd3 Nf6 7. f3 O-O 8. Nge2 b6
9. Bd2 Ba6 10. cxd5 Nxd5 11. a3 Bxd3 12. Qxd3 Nxc3 13. Bxc3 Qe7 14. O-O c5 15.
Rfd1 Nc6 16. Qc4 cxd4 17. Nxd4 1/2-1/2